Specification for welding and cutting hose of rubber with woven reinforcement. (Revised). (Record no. 73792)

MARC details
000 -LEADER
fixed length control field 00387nam a2200133Ia 4500
245 #0 - TITLE STATEMENT
Title Specification for welding and cutting hose of rubber with woven reinforcement. (Revised).
260 ## - PUBLICATION, DISTRIBUTION, ETC. (IMPRINT)
Year of publication 1964
500 ## - GENERAL NOTE
General note Standard number: IS 447
650 ## - SUBJECT ADDED ENTRY--TOPICAL TERM
Topical Term Rubber hose
650 ## - SUBJECT ADDED ENTRY--TOPICAL TERM
Topical Term Welding hose
650 ## - SUBJECT ADDED ENTRY--TOPICAL TERM
Topical Term Woven reinforcement
942 ## - ADDED ENTRY ELEMENTS (KOHA)
Koha item type Standards
Holdings
Withdrawn status Lost status Damaged status Not for loan Collection code Home library Current library Date acquired Koha item type
      Standards Indian standards RRII Library RRII Library 31/12/2021 Standards